000 00384nam a2200145Ia 4500
008 240624s9999 xx 000 0 und d
041 _aeng
082 _a658.87 PER
100 _aPERREY JESKO
245 _aRETAIL MARKETING AND BRANDING A DEFINITI
250 _a11
260 _c2011
_aUnited Kingdom
_bJohn Wiley and Sons
300 _axviii, : 300 : p. : cm. ; 23
365 _c
_b27
999 _c17654
_d17654